000 00395nam a2200145 a 4500
001 000031855
005 20200930063231.0
008 110706s19uu dr a 000 0 spa d
040 _aDO-SdBNP
_bspa
_cBNPHU
100 1 _aAvilés, Richar
_958072
245 1 0 _aMi encuesta /
_cRichar Avilés.
260 _a[Santo Domingo] :
_bCentro Proveda,
_c[199-?].
300 _a4 p. ;
_c22 cm.
049 _aBNPD
999 _c31347
_d31347